<?xml version="1.0" encoding="UTF-8"?>
<record
    xmlns:xsi="http://www.w3.org/2001/XMLSchema-instance"
    xsi:schemaLocation="http://www.loc.gov/MARC21/slim http://www.loc.gov/standards/marcxml/schema/MARC21slim.xsd"
    xmlns="http://www.loc.gov/MARC21/slim">

  <leader>02501nam a2200385 i 4500</leader>
  <controlfield tag="001">000020741</controlfield>
  <controlfield tag="003">DO-SdBPM</controlfield>
  <controlfield tag="005">20250821114331.0</controlfield>
  <controlfield tag="007">ta</controlfield>
  <controlfield tag="008">100813s2015    dr ac   r     000 0 spa d</controlfield>
  <datafield tag="020" ind1=" " ind2=" ">
    <subfield code="a">9789993431497</subfield>
  </datafield>
  <datafield tag="040" ind1=" " ind2=" ">
    <subfield code="a">DO-SdBPM </subfield>
    <subfield code="b">spa</subfield>
    <subfield code="c">BPMSU </subfield>
    <subfield code="e">rda</subfield>
  </datafield>
  <datafield tag="041" ind1="1" ind2="7">
    <subfield code="a">spa</subfield>
    <subfield code="h">eng</subfield>
  </datafield>
  <datafield tag="082" ind1=" " ind2="4">
    <subfield code="a">923.27293</subfield>
    <subfield code="b">D812j 2015</subfield>
    <subfield code="2">22</subfield>
  </datafield>
  <datafield tag="245" ind1="0" ind2="0">
    <subfield code="a">Juan Pablo Duarte =</subfield>
    <subfield code="b">the humanist: El humanista /</subfield>
    <subfield code="c">A bilingual selection of his writings =selecci&#xF3;n biling&#xFB;e de sus escritos ; editors compiladoras, Rhina P. Espaillat, Sarah Aponte ; pr&#xF3;logo, Ramona Hern&#xE1;ndez.</subfield>
  </datafield>
  <datafield tag="264" ind1=" " ind2=" ">
    <subfield code="a">Santo Domingo :</subfield>
    <subfield code="b">Biblioteca Nacional Pedro Henr&#xED;quez Ure&#xF1;a,</subfield>
    <subfield code="c">2015.</subfield>
  </datafield>
  <datafield tag="300" ind1=" " ind2=" ">
    <subfield code="a">193 p&#xE1;ginas :</subfield>
    <subfield code="b">ilustraciones, retratos ;</subfield>
    <subfield code="c">26 cm.</subfield>
  </datafield>
  <datafield tag="336" ind1=" " ind2=" ">
    <subfield code="2">rdacontent </subfield>
    <subfield code="a">texto</subfield>
    <subfield code="b">txt</subfield>
  </datafield>
  <datafield tag="337" ind1=" " ind2=" ">
    <subfield code="2">rdamedia </subfield>
    <subfield code="a">sin mediaci&#xF3;n </subfield>
    <subfield code="b">n</subfield>
  </datafield>
  <datafield tag="338" ind1=" " ind2=" ">
    <subfield code="2">rdacarrier</subfield>
    <subfield code="a">volumen  </subfield>
    <subfield code="b">nc</subfield>
  </datafield>
  <datafield tag="500" ind1=" " ind2=" ">
    <subfield code="a">Incluye referencias bibliogr&#xE1;ficas y notas al pie de las p&#xE1;ginas</subfield>
  </datafield>
  <datafield tag="504" ind1=" " ind2=" ">
    <subfield code="a">Bibliograf&#xED;a: p. 176-185</subfield>
  </datafield>
  <datafield tag="505" ind1=" " ind2=" ">
    <subfield code="a">Introducci&#xF3;n a Duarte, su era y su sitio: un ejercicio para la imaginaci&#xF3;n --</subfield>
    <subfield code="t">Biograf&#xED;a de Juan Pablo Duarte y D&#xED;ez --</subfield>
    <subfield code="t">Documentos selectos--</subfield>
    <subfield code="t">Selecci&#xF3;n de poemas por Juan Pablo Duarte --</subfield>
    <subfield code="t">Ensayo final : Duarte en las Am&#xE9;ricas --</subfield>
    <subfield code="t">Material curricular --</subfield>
    <subfield code="t">contribuidores --</subfield>
    <subfield code="t">Juan Pablo Duarte : bibliograf&#xED;a selecta --</subfield>
    <subfield code="t">Selecci&#xF3;n de im&#xE1;genes</subfield>
  </datafield>
  <datafield tag="505" ind1=" " ind2=" ">
    <subfield code="a">"Al igual que sus cartas, proclamas, poemas y otros textos trascendentes que escribi&#xF3;, incluida la Constituci&#xF3;n inconclusa que titul&#xF3; Ley Fundacional, esta obra sit&#xFA;a a Juan Pablo Duarte, el Padre de la Naci&#xF3;n Dominicana, en sus dimensiones aut&#xE9;nticas, funcionando como una especie de Biograf&#xED;a apasionante: alimentado por las ideas m&#xE1;s avanzadas de su tiempo luego de sus estudios en Estados Unidos y Europa durante su adolescencia, este hombre extraordinario fund&#xF3; La Trinitaria con el fin de lograr su objetivo de la independencia dominicana de la ocupaci&#xF3;n haitiana en 1844.</subfield>
  </datafield>
  <datafield tag="590" ind1=" " ind2=" ">
    <subfield code="a">Inventariado, 2025/VM</subfield>
  </datafield>
  <datafield tag="600" ind1="1" ind2="4">
    <subfield code="a">Duarte, Juan Pablo </subfield>
    <subfield code="d">1813-1876</subfield>
    <subfield code="v">Correspondencias</subfield>
  </datafield>
  <datafield tag="600" ind1="1" ind2="4">
    <subfield code="a">Duarte, Juan Pablo </subfield>
    <subfield code="d">1813-1876</subfield>
    <subfield code="x">Poes&#xED;a</subfield>
    <subfield code="v">Bibliograf&#xED;a</subfield>
  </datafield>
  <datafield tag="650" ind1=" " ind2="7">
    <subfield code="a">Estad&#xED;stas</subfield>
    <subfield code="z">Rep&#xFA;blica Dominicana</subfield>
    <subfield code="v">Biograf&#xED;as</subfield>
  </datafield>
  <datafield tag="651" ind1=" " ind2="7">
    <subfield code="a">Rep&#xFA;blica Dominicana </subfield>
    <subfield code="x">Historia</subfield>
    <subfield code="y">1844-1930</subfield>
    <subfield code="v">Bibliograf&#xED;as </subfield>
  </datafield>
  <datafield tag="700" ind1="1" ind2=" ">
    <subfield code="a">Espaillat, Rhina P.,</subfield>
    <subfield code="q">(Rhina Polonia), </subfield>
    <subfield code="d">1932- </subfield>
    <subfield code="e">compiladora</subfield>
  </datafield>
  <datafield tag="700" ind1="1" ind2=" ">
    <subfield code="a">Aponte, Sarah,</subfield>
    <subfield code="e">compiladora </subfield>
  </datafield>
  <datafield tag="700" ind1="1" ind2=" ">
    <subfield code="a">Hern&#xE1;ndez, Ramona,</subfield>
    <subfield code="e">pr&#xF3;logo</subfield>
  </datafield>
  <datafield tag="910" ind1=" " ind2=" ">
    <subfield code="a">VMateo V. Control de calidad BPMSU</subfield>
  </datafield>
  <datafield tag="942" ind1=" " ind2=" ">
    <subfield code="2">ddc</subfield>
    <subfield code="c">BK</subfield>
  </datafield>
  <datafield tag="952" ind1=" " ind2=" ">
    <subfield code="0">0</subfield>
    <subfield code="1">0</subfield>
    <subfield code="2">ddc</subfield>
    <subfield code="4">0</subfield>
    <subfield code="7">0</subfield>
    <subfield code="8">CD</subfield>
    <subfield code="a">BPMET</subfield>
    <subfield code="b">BPMET</subfield>
    <subfield code="d">2022-09-27</subfield>
    <subfield code="e">BNPHU</subfield>
    <subfield code="l">0</subfield>
    <subfield code="o">BPMSU CD 923.27293 D812j  2015</subfield>
    <subfield code="p">BPMSU25080056</subfield>
    <subfield code="r">2022-09-27</subfield>
    <subfield code="w">2022-09-27</subfield>
    <subfield code="y">BK</subfield>
  </datafield>
  <datafield tag="952" ind1=" " ind2=" ">
    <subfield code="0">0</subfield>
    <subfield code="1">0</subfield>
    <subfield code="2">ddc</subfield>
    <subfield code="4">0</subfield>
    <subfield code="7">0</subfield>
    <subfield code="8">CD</subfield>
    <subfield code="a">BPMET</subfield>
    <subfield code="b">BPMET</subfield>
    <subfield code="d">2025-08-21</subfield>
    <subfield code="l">0</subfield>
    <subfield code="o">BPMSU CD 923.27293 D812j  2015</subfield>
    <subfield code="p">BPMSU25080057</subfield>
    <subfield code="r">2025-08-21</subfield>
    <subfield code="t">e.2</subfield>
    <subfield code="w">2025-08-21</subfield>
    <subfield code="y">BK</subfield>
  </datafield>
  <datafield tag="999" ind1=" " ind2=" ">
    <subfield code="c">14284</subfield>
    <subfield code="d">14284</subfield>
  </datafield>
</record>
